|
|
|
|
| LEADER |
00000nam0a2200000 4500 |
| 001 |
138292 |
| 005 |
20231031141414.0 |
| 010 |
|
|
|a 5887620021
|
| 035 |
|
|
|a (RuTPU)RU\TPU\book\149853
|
| 035 |
|
|
|a RU\TPU\book\1420
|
| 090 |
|
|
|a 138292
|
| 100 |
|
|
|a 20080523d1995 m y0rusy50 ca
|
| 101 |
0 |
|
|a rus
|
| 102 |
|
|
|a RU
|
| 105 |
|
|
|a y z 010ay
|
| 200 |
0 |
|
|a Т. 2
|
| 210 |
|
|
|d 1995
|
| 215 |
|
|
|a 768 с.
|
| 461 |
|
|
|t Неизвестные солдаты
|o Роман-эпопея
|f В. Д. Успенский
|v Т. 2
|d 1995
|s Совершенно секретно. Спец. выпуск к 50-летию Победы в Великой Отечественной войне
|
| 610 |
1 |
|
|a роман-эпопея
|
| 610 |
1 |
|
|a Великая Отечественная война 1941-1945
|
| 610 |
1 |
|
|a подвиг
|
| 675 |
|
|
|a Р2
|v 3
|
| 801 |
|
0 |
|a RU
|b 63413507
|c 20011209
|g PSBO
|
| 801 |
|
2 |
|a RU
|b 63413507
|c 20080523
|g PSBO
|
| 942 |
|
|
|c BK
|